| 000 | 00377nam a2200097Ia 4500 | ||
|---|---|---|---|
| 008 | 220204s9999 xx 000 0 und d | ||
| 082 |
_a058:001.63 _bNST |
||
| 245 | 0 | _aDirectory of extramural research and development projects approved for funding by selected central government agencies/departments during 2001-2002 | |
| 260 |
_aNew Delhi _bNSTMIS Division, DST _c2004 |
||
| 942 | _cBK | ||
| 999 |
_c44101 _d44101 |
||